000 00501nam a2200181Ia 4500
005 20250508150513.0
008 008 250505s9999 xx 000 0 eng d
037 _aTextual
040 _aFEDL
_beng
_cFEDL
041 _aeng
_2eng
084 _a372, DEB
_qFEDL
100 _aDeboer John J
_9756842
245 0 _aDesign for elementary education
260 _aNew York, USA
_bHinds, Hayden and Eldredge
_c1945
300 _a72p.
942 _cTEXL
_h372, DEB
999 _c1323947
_d1323947